Loading...

World of Malgudi /

Bibliographic Details
Main Author: Narayan, R. K.
Format: Printed Book
Language:English
Published: New Delhi : Penguin, 2000.
LEADER 00557nam a2200133Ia 4500
008 150624b xxu||||| |||| 00| 0 eng d
100 |a Narayan, R. K. 
245 |a World of Malgudi /  |c R. K. Narayan 
260 |a New Delhi :  |b Penguin,  |c 2000. 
300 |a 600 p. 
505 |a CONTENTS: 1.Mr.Sampath 2. The Financial expert 3. The Painter of signs 4. A Tiger for Malgudi 
942 |c BK 
999 |c 59342  |d 59342 
952 |0 0  |1 0  |4 0  |6 IN_823_000000000000000_912N108_WOR  |7 0  |9 59319  |a UL  |b UL  |c ST1  |d 2012-10-27  |l 19  |m 12  |o IN823.912N108 WOR  |p 85279  |r 2021-12-29  |s 2020-03-10  |w 2012-10-27  |y BK